Zona del Hombre. Linóleos de Hermosilla Alvarez
Spremljeno u:
| Glavni autor: | |
|---|---|
| Format: | Knjiga |
| Jezik: | španjolski |
| Izdano: |
Santiago
Casa Nacional del Niño
1952
|
| Izdanje: | 1a. ed |
| Teme: | |
| Oznake: |
Dodaj oznaku
Bez oznaka, Budi prvi tko označuje ovaj zapis!
|
MARC
| LEADER | 00000nam a2200000 a 4500 | ||
|---|---|---|---|
| 001 | UCJ7526 | ||
| 003 | CL-VaPUC | ||
| 008 | 070124e19521024CL |||||||||||||||||spa|d | ||
| 082 | 0 | 4 | |a Ch861 |b HUR |2 21 |
| 100 | 0 | |a Hurtado, Rafael |e author |9 516000 | |
| 245 | 1 | 0 | |a Zona del Hombre. Linóleos de Hermosilla Alvarez |
| 250 | |a 1a. ed | ||
| 300 | |a 64 p | ||
| 942 | |c BK | ||
| 945 | |d 20070124 00:00:00 |a rinostro | ||
| 260 | |a Santiago |b Casa Nacional del Niño |c 1952 | ||
| 500 | |a Para el Sr. Eduardo Budge, gran bibliófilo chileno, reza la dedicatoria del autor | ||
| 600 | 0 | 7 | |a BUDGE BARNARD, EDUARDO B |2 CL-VaPUC |9 505135 |
| 650 | 0 | |a Poesías chilenas |9 265280 | |
| 650 | 0 | |a Ilustraciones |9 369481 | |
| 583 | |a last modification |c 20070124 00:00:00 |k Rodrigo Vera | ||
| 999 | |c 323603 |d 323601 | ||
| 952 | |0 0 |1 0 |4 0 |6 CH_861_000000000000000_HUR_1952 |7 0 |8 X |9 403356 |a FDOBUD |b FDOBUD |d 2019-11-22 |i 1065602 |o Ch861 HUR 1952 |p 1065602 |r 2019-11-22 |w 2019-11-22 |y BK_X |k BUD | ||